000
00210 a2200097 4500
020
_a
9781601305114
041
_a
eng
100
_a
Davidson, Zanna
245
_a
Sticker dollies, Castle in the clouds
942
_c
BK
999
_c
31548
_d
31546